[Event "Corus-B"]
[Site "Wijk aan Zee"]
[Date "2005.01.16"]
[Round "2"]
[White "Mamedyarov, Shakhriyar"]
[Black "Ramirez Alvarez, Alejandro"]
[Result "1-0"]
[WhiteElo "2657"]
[BlackElo "2507"]
[Annotator "Rogozenco,D"]
[PlyCount "89"]
[EventDate "2005.01.15"]
[EventType "tourn"]
[EventRounds "13"]
[EventCountry "NED"]
[EventCategory "13"]
[SourceTitle "CBM 105"]
[Source "ChessBase"]
[SourceDate "2005.04.11"]
[SourceVersion "1"]
[SourceVersionDate "2005.04.11"]
[SourceQuality "1"]

1. e4 c5 2. c3 Nf6 3. e5 Nd5 4. Nf3 d6 5. Bc4 e6 6. O-O Nc6 7. d4 cxd4 8. cxd4
Be7 9. Qe2 O-O 10. Nc3 Nxc3 11. bxc3 dxe5 12. dxe5 Qa5 13. Qe4 Qa4 14. Bg5 {
The best attempt to fight for advantage in this opening variation.} h6 (14...
Bd7 $5) 15. Bxe7 Nxe7 16. Rab1 (16. Rfd1 $5) 16... Bd7 (16... Rb8 17. Rb4 $1
Qc6 18. Qe3 b6 19. Bd3 Bb7 20. Rg4 $40 {1-0 Nisipeanu,L-Ramirez Alvarez,A/
Decameron 2003 (25)}) (16... Qc6 $5 17. Qd3 (17. Bd3 Qxe4 18. Bxe4 Rb8 {
[%cal Gc8a6,Yb7b6]}) 17... Qc7 18. Rfd1 b6 19. Qd6 Qxc4 20. Qxe7 Ba6 21. Rb4
Qxa2 $17 {0-1 Kristjansson,S-Lupulescu,C/Mallorca 2004 (33)}) 17. Bd3 Qxe4 18.
Bxe4 Bc6 19. Bxc6 bxc6 {All this was met before and the position is considered
equal. Mamedjarov comes with an interesting novelty.} 20. c4 $5 $146 (20. Rb7
Nd5 21. c4 (21. Nd4 c5 22. Nb5 c4 23. Rb1 $2 a6 24. Nc7 Nxc3 25. R1b4 Rad8 26.
g3 Rd4 $19 {0-1 Pedersen,D-Baklan,V/Brussels 2000 (36)}) 21... Nc3 $11 22. a3
Rfb8 23. Rc7 Rc8 24. Rb7 Rcb8 25. Rc7 Rc8 26. Rb7 Rcb8 {1/2-1/2 Adams,
M-Tkachiev,V/Cannes 2001}) 20... Rab8 {After this natural move Black starts to
feel uncomfortable, although the position is still a draw.} ({Correct is} 20...
Rfb8 $1 {[%cal Gb8b6,Gg8f8,Gf8e8]} 21. Rfd1 Kf8 22. h4 Ke8 23. Kf1 Rb6 24. h5 (
24. c5 Ra6 (24... Rb5 $5) 25. Rb7 Nd5 26. Rd2 Rd8 $11 {[%cal Gd8d7]}) 24...
Rab8 $11) 21. Rfd1 (21. h4 c5 22. Rfd1 Nc6 $13) 21... Rfd8 (21... g5 $5 22. h3
Ng6 $13) 22. Rxd8+ Rxd8 23. h4 $1 (23. Kf1 g5 $1 $132 {[%cal Ge7g6]}) 23... Nf5
24. Kf1 Rd3 (24... Nd4 25. Rd1 c5 26. Nxd4 cxd4 27. Ke2 Kf8 28. Kd3 Ke7 29. Rb1
$16) 25. Rb8+ Kh7 26. Rb7 Nd4 27. Nxd4 Rd1+ $6 {Black's idea was to have later
the additional resource ...Re4+, but he didn't make use of it, therefore he
shouldn't have helped white king to approach the center.} (27... Rxd4 28. Rxf7
Rxh4 (28... Kg6 29. Re7 (29. Rxa7 Rxh4 $11) 29... Kf5 30. h5 Rxc4 31. Rxg7 Rh4
32. g3 $1 (32. Rxa7 Rxh5 $11) 32... Ra4 33. Rg6 $16) 29. Rxa7 Rxc4 30. Re7 Kg6
31. Rxe6+ Kf5 $11) 28. Ke2 Rxd4 29. Rxf7 Rxc4 (29... Re4+ 30. Kd3 Rxe5 31. Rxa7
$16) (29... Rxh4 30. Kd3 $16) 30. Rxa7 Rxh4 (30... Re4+ 31. Kd3 Rxe5 32. a4 Rf5
33. f3 Rf4 34. h5 Rf5 $132) 31. Ke3 Rg4 32. Re7 Kg6 (32... Rxg2 33. Rxe6 Rg4
34. f4 $1 $16 (34. Rxc6 Ra4 35. f4 g6 36. Rc2 Kg7 $11)) 33. Kf3 $1 Ra4 34. g4
$1 Rxa2 $2 {It looks like after this mistake it's very difficult to save the
game.} ({Black could achieve a draw with} 34... Ra3+ $1 35. Ke4 (35. Kg2 Kg5
36. Rxg7+ Kf4 $11) 35... Ra4+ 36. Kf3 (36. Kd3 Rxg4 37. Rxe6+ Kf5 $11) 36...
Ra3+ 37. Kf4 Rxa2 38. f3 Ra4+ 39. Kg3 Ra5 40. f4 Ra3+ $11) 35. Rxe6+ Kg5 36.
Rxc6 Ra4 (36... Ra3+ 37. Ke4 Ra4+ 38. Kd5 $18) 37. Rc7 g6 38. Rf7 Ra3+ (38...
h5 39. gxh5 gxh5 40. Rf8 $1 {[%cal Ge5e6]}) 39. Ke4 $18 Kxg4 40. e6 Ra1 41. Ke5
h5 42. e7 Re1+ 43. Kf6 h4 44. Rf8 Kf3 45. Kg5+ 1-0

[Event "Athens Acropolis"]
[Site "Athens"]
[Date "2003.08.30"]
[Round "6"]
[White "Tzermiadianos, Andreas"]
[Black "Parligras, Mircea Emilian"]
[Result "0-1"]
[WhiteElo "2418"]
[BlackElo "2525"]
[Annotator "Rogozenco,D"]
[PlyCount "130"]
[EventDate "2003.08.25"]
[EventType "tourn"]
[EventRounds "9"]
[EventCountry "GRE"]
[EventCategory "12"]
[SourceTitle "CBM 097"]
[Source "ChessBase"]
[SourceDate "2003.11.11"]
[SourceVersion "1"]
[SourceVersionDate "2003.11.11"]
[SourceQuality "1"]

1. e4 c5 2. c3 Nf6 3. e5 Nd5 4. Nf3 e6 5. Bc4 d6 6. d4 cxd4 7. cxd4 Nc6 8. O-O
Be7 9. a3 O-O 10. Re1 Bd7 {In the book on Anti-Sicilians I claimed that in
this position Black has equal chances thanks to 10...Bd7 set-up, which
prepares a quick ...Rc8. Someone who made a review chose this line from the
book to show that such an assesment is superficial and Black's life is far
from easy.  Well, on this occasion I'll explain deeper, for those who failed
to understand the difference between 10...Bd7 and other plans. Of course the
position remains complex and complicated. Naive persons expecting a universal
receipt how to win the game from this position must forget about chess as
quick as possible for their own good.  To start with, I can't help myself to
point out that incompetent people shouldn't make reviews about chess books due
to their absolute lack of understanding and knowing certain things. My claim
was based mainly on the game Salmensuu-Rytschagov, given below, where Black
was fine. Mr.Jeremy Silman wrote: "I'm left wondering how a game between two
unknown players from 1994 makes Black's life easy with 10...Bd7, while more
recent games between top grandmasters have seen 10...Qc7, when Black appears
to have problems. Something smells fishy!"  Indeed, something stinks, but
rather in Silman's knowledge. A guy, whos highest rating in his chess career
reached the "fenominal" 2420 mark on a single Elo list calls GM Mikhail
Rychagov an unknown player. Well... Just some facts: In 1994, when the game
was played, Rychagov was an IM with Elo 2480. Later he became a respectful GM,
Shirov's second (Silman is probably "left wondering" who is Shirov anyway).
Salmensuu soon after 1994 was representing Finland's national team in most
official competitions.  The move 10...Qc7 in this particular position was
played five times altogether, and only in one game Black player was a GM.
Let's clarify the chess aspects now.} (10... Qc7 11. Bd3 dxe5 12. dxe5 Rd8 13.
Qe2 {Thanks to the threat Qe4 White provokes a weakness of Black's kingside
pawn formation.} g6 14. Bd2 $1 b6 15. Nc3 Nxc3 16. Bxc3 Bb7 17. h4 Rd7 18. h5 {
1-0 Kharlov,A-Gallagher,J/Calcutta 2001 (32) White obviously has attacking
ideas here. White's solid pawn structure with no weaknesses makes his chances
preferable, since Black has difficulties to create counterplay.}) 11. Bd2 (11.
Bd3 Rc8 12. Qe2 Na5 13. Nc3 $5 (13. Qe4 {As long as Black has the knight on d5,
the move Qe4 brings little:} f5 14. exf6 Nxf6 $11) 13... Nxc3 (13... Bc6 14.
Bc2 $1 {with idea Qd3 and provoke ...g6 anyway}) 14. bxc3 Rxc3 (14... Nb3 15.
Bxh7+ $1) 15. Bd2 Rc8 16. Qe4 (16. Bh6 $5 Re8) 16... g6 {Here White provokes
g6, but he is a pawn down and Black obviously has his own play.} 17. Bh6 Re8
18. Qf4 Bc6 (18... d5 $5 19. Ng5 (19. Bg5 Nc4 20. Bxe7 Qxe7 {Not clear that
White has full compensation}) 19... f5 20. exf6 Bxf6 $13) (18... dxe5 $5 19.
Nxe5 f5 $13) 19. Ng5 (19. Bg5 $2 dxe5) 19... Rf8 $1 20. Nf3 (20. Bxf8 $2 Bxg5)
(20. Be4 Nc4 $13) (20. Ne4 Bxe4 21. Bxe4 Re8 {and again White's compensation
is difficult to prove.}) (20. h4 dxe5 21. Rxe5 Nb3 $13 {[%csl Rd4]}) 20... Re8
$11) (11. Nbd2 Qb6 12. Ne4 dxe5 13. dxe5 Rfd8 14. b4 Be8 15. Qc2 h6 16. Bb2
Rac8 17. Rac1 Qc7 18. Qb3 Qb8 19. Rcd1 Nf4 20. Bf1 Ng6 $11 {1/2-1/2 Sevillano,
E-Milov,V/Las Vegas USA 2002 (41)}) (11. b4 Rc8 12. Qb3 dxe5 13. dxe5 a5 14.
Bxd5 exd5 15. b5 Na7 16. a4 Be6 17. Nd4 Rc4 18. Be3 Bb4 19. Rd1 Nc8 $11 {
0-1 Salmensuu,O-Rytshagov,M/Tampere 1994 (63)}) 11... Rc8 {Black plans ...
Na5-c4. This is the main idea of 10...Bd7.} 12. Nc3 Nxc3 13. Bxc3 Na5 14. Bd3
Nc4 15. Qe2 d5 {The position is about equal. Black succeeded to avoid
weaknesses on the kingside (usually defined by the move ...g6), traded a pair
of knights and has good play on the queenside. White has some space advantage
and no weaknesses. However, White chooses a wrong plan and allows Black to
seize space on the queenside.} 16. Rac1 a5 17. Qc2 h6 18. Qe2 $6 {After
provoking h6, White wants to switch the bishop with the queen on the b1-h7
diagonal and is hoping for an attack. But Black already has counterplay on the
queenside and this will distract White from his ambitious plans.} (18. a4 b5
$140 19. axb5 Bxb5 20. b3 Na3 21. Qd2 Ra8 $11) 18... b5 19. Bb1 b4 20. axb4
axb4 21. Qd3 g6 22. Bd2 Kg7 23. b3 Nxd2 24. Qxd2 Qa5 $15 25. Rxc8 Rxc8 26. Rc1
Bd8 27. Rxc8 Bxc8 28. h4 (28. Bd3 Qa1+ 29. Qe1 Qc3 30. Qd1) 28... h5 29. Qc2 $2
(29. Qa2 $2 Qxa2 (29... Qb5 30. Qa8 $132) 30. Bxa2 Ba6 31. Bb1 Bb6 32. Bc2 Be2
$17 {/-+}) (29. Bd3 $1 Qa1+ 30. Kh2 Qc3 31. Qd1 Bb6 32. Be2 {was the correct
defence, not allowing the bishop from c8 to come to the a6-f1 diagonal.}) 29...
Ba6 30. Kh2 Qa1 31. Qc6 (31. g3 Bb6 $36) 31... Qxb1 32. Qxa6 Qe4 {Now White
loses a pawn. He will have practical chances to save half a point in the queen
endgame thanks to the typical for such endgames possibility to give perpetual
check. However, Black's play is precise until the end.} 33. Kg1 Bxh4 34. Nxh4
Qxh4 $17 35. Qb6 Qe7 36. g3 g5 37. Kg2 h4 38. Qb5 f6 39. exf6+ Kxf6 40. gxh4
gxh4 41. Kh3 Kf7 42. Qd3 Qg5 43. Qh7+ Kf6 44. Qh8+ Kg6 45. Qg8+ Kf5 46. Qf8+
Ke4 47. Qxb4 Qf5+ 48. Kxh4 Qxf2+ 49. Kh5 Qxd4 $19 50. Qe1+ Qe3 51. Qb1+ Ke5 52.
Qa1+ d4 53. Qa5+ Kf4 54. Qg5+ Ke4 55. Qg4+ Kd3 56. b4 Kc4 57. Qd1 d3 58. Qa4 d2
59. b5+ Kd3 60. Qb3+ Ke2 61. Qc4+ Kf2 62. Qh4+ Kg2 63. Qg4+ Kh2 64. Qd1 Qe1 65.
Qc2 Qe2+ 0-1

[Event "Olympiad-36"]
[Site "Mallorca"]
[Date "2004.10.22"]
[Round "7"]
[White "Sveshnikov, Evgeny"]
[Black "Gallagher, Joseph G"]
[Result "1/2-1/2"]
[WhiteElo "2512"]
[BlackElo "2543"]
[Annotator "Rogozenco,D"]
[PlyCount "53"]
[EventDate "2004.10.15"]
[EventType "team-swiss"]
[EventRounds "14"]
[EventCountry "ESP"]
[SourceTitle "CBM 104"]
[Source "ChessBase"]
[SourceDate "2005.01.27"]
[SourceVersion "1"]
[SourceVersionDate "2005.01.27"]
[SourceQuality "1"]
[WhiteTeam "Latvia"]
[BlackTeam "Switzerland"]
[WhiteTeamCountry "LAT"]
[BlackTeamCountry "SUI"]

1. e4 c5 2. c3 Nf6 3. e5 Nd5 4. Nf3 Nc6 5. Bc4 Nb6 6. Bb3 d5 7. exd6 Qxd6 8.
Na3 Be6 9. O-O Bxb3 10. axb3 Qd3 11. Qc2 $146 {This attempt to improve the
present opening line does not change its evaluation as harmless for Black.} ({
Sveshnikov's last game in this line ended badly for White after} 11. Re1 e6 12.
Re3 Qd7 13. Nc4 Nd5 (13... Nxc4) 14. Re1 Be7 15. Nce5 Nxe5 16. Nxe5 Qc7 17. b4
cxb4 18. Qa4+ Kf8 19. c4 Nb6 20. Qa5 f6 21. Nf3 Kf7 {The position is unclear,
but White goes wrong around here.} 22. Qh5+ $6 (22. b3 $44) 22... g6 23. Qh3
Qxc4 24. d3 Qc8 {0-1 Sveshnikov,E-Kulaots,K/Liepaya (rapid) 2004 (41)}) 11...
Rd8 (11... Qd7 12. Nc4 $14 (12. Rd1 $14)) (11... Qxc2 12. Nxc2 e6 13. d4 cxd4
14. Ncxd4 Nxd4 15. Nxd4 a6 $11) 12. Qxd3 Rxd3 13. Nc4 Nxc4 14. bxc4 e6 (14...
g6 $5 15. b4 $140 (15. b3 Bg7 16. Ba3 b6) (15. Re1 Bg7) 15... cxb4 16. cxb4 Bg7
17. Ra2 a6 18. b5 axb5 19. cxb5 Nd4 $11 {/=/+}) 15. Re1 ({More complicated is} 
15. Rd1 Be7 16. Kf1 O-O 17. Ke2 Rfd8 18. Ne1 (18. Nd4 $2 Nxd4+) 18... R3d7 19.
d3 a6 {which is also about equal.}) 15... Be7 16. Ne5 (16. Re3 Rd7 17. Ne5 Nxe5
18. Rxe5 a6 $15) 16... Nxe5 17. Rxe5 a6 $11 {/=/+} 18. Kf1 O-O 19. Ke2 Rfd8 20.
Re3 R3d6 ({A quick draw could be avoided by} 20... Rxe3+ 21. fxe3 (21. dxe3 f5
$15) 21... f5 22. d4 $13) 21. d3 Bg5 22. Rg3 Bxc1 23. Rxc1 e5 {The rook
endgame is still interesting, but the players didn't feel like playing it.} 24.
b4 cxb4 25. cxb4 f6 {A possible plan for Black to improve is to put the rook
on d4, king on e6 and advance the kingside pawns. His position looks slightly
preferable to me.} 26. Re3 Kf7 27. Rc3 1/2-1/2

[Event "EU-chT (Men) 14th"]
[Site "Plovdiv"]
[Date "2003.10.15"]
[Round "5.3"]
[White "Sermek, Drazen"]
[Black "Guseinov, Gadir"]
[Result "0-1"]
[WhiteElo "2568"]
[BlackElo "2557"]
[Annotator "Rogozenco,D"]
[PlyCount "94"]
[EventDate "2003.10.10"]
[EventType "team-swiss"]
[EventRounds "9"]
[EventCountry "BUL"]
[SourceTitle "CBM 098"]
[Source "ChessBase"]
[SourceDate "2004.02.03"]
[SourceVersion "1"]
[SourceVersionDate "2004.02.03"]
[SourceQuality "1"]
[WhiteTeam "Slovenia"]
[BlackTeam "Azerbaijan"]
[WhiteTeamCountry "SLO"]
[BlackTeamCountry "AZE"]

1. e4 c5 2. c3 d5 3. exd5 Qxd5 4. d4 Nf6 5. Nf3 e6 6. Be3 cxd4 7. cxd4 Bb4+ 8.
Nc3 O-O 9. Be2 $5 {An attempt to improve over the usual 9.Bd3. The idea is to
avoid exchange of light-squared bishops.} (9. Bd3 b6 10. O-O Bxc3 11. bxc3 Ba6
$11 {Trading opponent's important bishop secures Black equality. In the
practice it was proved that White's central pawns don't mean any advantage -
Black exchanged two pairs of minor pieces and will attack White's pawn center
later on.}) 9... b6 $6 {Naively following same plan as after 9.Bd3.} (9... Bd7
10. Ne5 Nc6 11. Bf3 Qa5 12. Nxd7 Nxd7 13. Qb3 Nb6 14. O-O Rfd8 15. Rfd1 Bxc3
16. bxc3 Rd7 17. d5 exd5 18. Bxb6 Qxb6 19. Rxd5 Rxd5 20. Bxd5 Qc7 21. Re1 {
1/2-1/2 Guidarelli,L-Dorfman,J/Aix les Bains 2003}) 10. Ne5 (10. O-O {is
innacurate, since it allows the typical Bxc3 and Ba6.} Bxc3 11. bxc3 Ba6 $11)
10... Ba6 (10... Qa5 11. Bd2 (11. Bf3 Bxc3+ 12. bxc3 Qxc3+ 13. Bd2 Qxd4 14.
Bxa8 Qxe5+ 15. Be3 Ba6 {with advantage for Black}) 11... Bxc3 12. Bxc3 Qd5 13.
Bb4 Re8 14. O-O Bb7 15. Bf3 Ne4 16. Re1 f5 {White is clearly better here too,
but comparing to the game here at least black knight wasn't forced to go to a6.
} 17. Bxe4 fxe4 18. Qh5 $16 {1/2-1/2 Pavasovic,D-Stevic,H/Rabac 2003 (35)}) 11.
Bf3 Ne4 12. Qa4 $1 Nxc3 (12... Bxc3+ $142 13. bxc3 Bb7 $14) 13. Qxb4 Ne4 14.
Rc1 $1 $16 Bb7 15. Qe7 {Another precise move.} (15. O-O Nc6 {would reduce
White's advantage.}) 15... Na6 16. O-O Rae8 17. Qa3 f6 18. Nc4 f5 {A sad
necessity.} (18... Qd7 $2 19. Bxe4 Bxe4 20. Qxa6 $18) (18... Qf5 19. Rfe1 e5 {
what else? Black is in deep troubles.} 20. dxe5 fxe5 21. Nd2 $18) 19. Rfe1 Rc8
20. b3 b5 {The knight a6 cannot come into play because of Qxa7, that's why
White has a stable advantage. With his last move the young Azerbaijani player
is trying to create some tactical complications.} 21. Na5 {Not bad, but
simpler and stronger was 21.Nd2 with advantage.} (21. Nd2 b4 (21... Rxc1 22.
Rxc1 Rc8 23. Rxc8+ Bxc8 24. Qe7 $16) 22. Qa4 $16) 21... Rxc1 22. Rxc1 $6 {
White spoils a well-played game.} (22. Bxc1 $1 {Still with good chances to
have the advantage.} Qxd4 $140 23. Be3 Qd7 24. Nxb7 (24. Rd1 Bd5) 24... Qxb7
25. Bxe4 fxe4 {and now after either 26.Qd6 or 26.Rd1 White has a very good
compensation for the pawn.} 26. Qd6 {[%csl Ra6]}) 22... f4 $1 {Suddenly the
bishop has no good square to retreat. However, with some tactical help White
solves the problem.} 23. Bxe4 $2 (23. Bd2 Qxd4 24. Be1 b4 (24... Ba8 25. Nc6
Bxc6 26. Rxc6 Nac5 27. Qb4 $5 $16) 25. Nc6 $1 {Probably White missed this. It
is the only move, but enough to avoid any troubles.} (25. Qa4 Qb2 $1 26. Rd1
Nec5 $19) (25. Bxb4 $2 Qxf2+ 26. Kh1 Ng3+ 27. hxg3 Bxf3 28. gxf3 fxg3 $19)
25... Bxc6 26. Qxa6 Bd5 27. Rd1 Qb6 (27... Qc5 $2 28. Bxe4 Bxe4 29. Qxe6+ $18)
28. Qxb6 axb6 29. Bxb4 (29. Rc1 Ra8 $132) 29... Rc8 $11 {The control of the
open file secures Black equal chances.}) 23... Qxe4 24. Nxb7 fxe3 25. f3 (25.
Qxa6 exf2+ 26. Kf1 Qd3#) 25... Qxb7 26. Qd6 Re8 $19 {The ugly knight remained
still on a6, but now it represents an extra piece... Black's win is only a
matter of time - as soon as the knight will come back, everything will be over.
} 27. Rc6 Nb8 28. Rc7 Qd5 29. Qf4 Nd7 30. Qxe3 a6 {The rest is easy.} 31. h4
Qd6 32. Qc3 Nf6 33. Rc6 Qg3 34. Rxa6 Nd5 35. Qd2 Rc8 36. Qg5 Qxg5 37. hxg5 Rc1+
38. Kh2 Kf7 39. a4 b4 40. Ra7+ Kg6 41. Ra6 Kf5 42. Ra7 g6 43. Rxh7 Rc3 44. a5
Rxb3 45. a6 Ra3 46. a7 Kxg5 47. Rb7 Kf6 0-1